000 00286nam a22001337a 4500
008 170622b xxu||||| |||| 00| 0 eng d
020 _a9780415912471
041 _aeng
080 _a32
100 _a21
101 _aSHP
245 _aRADICAL DEMOCRACY
_cTREND.D
942 _2udc
_cBK
999 _c18733
_d18733